Catálogo - Centro de Recursos para el Aprendizaje y la Investigación

Volver al Sitio - CRAI Biblioteca

Conciencia / (Registro nro. 113929)

Detalles MARC
000 -CABECERA
campo de control de longitud fija 00909nam a2200229 4500
001 - NÚMERO DE CONTROL
campo de control 113929
003 - IDENTIFICADOR DEL NÚMERO DE CONTROL
campo de control DR-UNIBE
005 - FECHA Y HORA DE LA ÚLTIMA TRANSACCIÓN
campo de control 20251120133441.0
008 - DATOS DE LONGITUD FIJA--INFORMACIÓN GENERAL
campo de control de longitud fija 250723b1982 dr ||||| |||| 00| 0 spa d
040 ## - FUENTE DE LA CATALOGACIÓN
Centro catalogador/agencia de origen BIBLIOTECA UNIBE
Lengua de catalogación spa
Centro/agencia transcriptor BIBLIOTECA UNIBE
041 ## - CÓDIGO DE LENGUA
Código de lengua del texto/banda sonora o título independiente spa
Código de lengua original spa
082 ## - NÚMERO DE LA CLASIFICACIÓN DECIMAL DEWEY
Número de edición 22
Número de clasificación RD 330.97293 B496c
100 1# - ENTRADA PRINCIPAL--NOMBRE DE PERSONA
Nombre de persona Berges, Frederich E.,
Fechas asociadas al nombre 1949-
Término indicativo de función/relación autor
9 (RLIN) 197631
245 10 - MENCIÓN DE TÍTULO
Título Conciencia /
Mención de responsabilidad, etc. Frederich E. Berges
250 ## - MENCIÓN DE EDICIÓN
Mención de edición Primera edición
260 ## - PUBLICACIÓN, DISTRIBUCIÓN, ETC.
Lugar de publicación, distribución, etc. Santo Domingo :
Nombre del editor, distribuidor, etc. Centro de Estudios Monetarios y Bancarios (CEMYB),
Fecha de publicación, distribución, etc. 1982
300 ## - DESCRIPCIÓN FÍSICA
Extensión 180 páginas ;
Dimensiones 21 cm
651 #7 - PUNTO DE ACCESO ADICIONAL DE MATERIA--NOMBRE GEOGRÁFICO
Fuente del encabezamiento o término lemb
Nombre geográfico República Dominicana
Subdivisión general Condiciones económicas
Subdivisión de forma Ensayos, conferencias, etc.
9 (RLIN) 197632
651 #7 - PUNTO DE ACCESO ADICIONAL DE MATERIA--NOMBRE GEOGRÁFICO
Fuente del encabezamiento o término lemb
Nombre geográfico República Dominicana
Subdivisión general Política económica
Subdivisión de forma Ensayos, conferencias, etc.
9 (RLIN) 197633
700 1# - PUNTO DE ACCESO ADICIONAL--NOMBRE DE PERSONA
Nombre de persona Castro, Anibal de
Forma completa/desarrollada del nombre (Castro Rodríguez, Aníbal de Jesús de),
Fechas asociadas al nombre 1949-
Término indicativo de función/relación prologuista
9 (RLIN) 200942
942 ## - ELEMENTOS DE PUNTO DE ACCESO ADICIONAL (KOHA)
Fuente del sistema de clasificación o colocación Sistema de Clasificación Decimal Dewey
Tipo de ítem Koha Libro (general)
Existencias
Estado de retiro Estado de pérdida Fuente del sistema de clasificación o colocación No para préstamo Código de colección Localización permanente Fecha de adquisición Total de préstamos Signatura topográfica completa Código de barras Fecha visto por última vez Número de copia Precio válido a partir de Tipo de ítem Koha
  Disponible Sistema de Clasificación Decimal Dewey   General - Libros dominicanos Biblioteca Central UNIBE 23/05/2025   RD 330.97293 B496c 250828 23/07/2025 Ej. 1 23/07/2025 Libro (general)